| 000 | 00543nam a2200217Ia 4500 | ||
|---|---|---|---|
| 003 | OSt | ||
| 005 | 20220609104231.0 | ||
| 008 | 210210b2003 xxu||||| |||| 00| 0 eng d | ||
| 020 | _a81 259 1440 4 | ||
| 040 | _cAL | ||
| 041 | _aeng | ||
| 082 | _a657.42 AROC | ||
| 100 |
_aARORA (M N). _941356 |
||
| 245 | _aCost accounting: principles and practice | ||
| 250 | _a8 | ||
| 260 |
_aNew Delhi _bVikas publishing house pvt ltd. _c2003 |
||
| 300 | _axiv,18.14,B29 | ||
| 690 |
_aCost Accounting _941357 |
||
| 906 | _a059773 | ||
| 942 |
_2ddc _cBK |
||
| 999 |
_c106989 _d106989 |
||